000 00863cam a2200253 4500
001 ABS62316
008 000000n2000 000 0 eng u
035 _a(Sirsi) u106290
100 _aBingham, T
245 _aWhose pocket are you in?
260 _c2000
490 _aBuilding
_v265(8136) 12 May 2000, 61(1)
520 _aDiscusses two recent cases that illustrate how important impartiality is to judges, arbitrators and expert witnesses. Even a remote connection can be enough to get them thrown off a case.
590 _aABS
650 _aARBITRATORS
650 _aEXPERT WITNESS
_96239
650 _aJUDGE
650 _aIMPARTIALITY
650 _aSAVE & PROSPER PENSIONS V HOMEBASE LTD AND PETER JF CLARKE
650 _aANGLO V WINTHER BROWNE
650 _aGRETTON V BRITISH MILLERAIN
690 _aDispute resolution
_96236
942 _n0
999 _c63655
_d63655